000
00319nam a2200133Ia 4500
008
220216s9999 xx 000 0 und d
100
_a
Stokes S C
245
0
_a
Rubber in flat paints and undercoatings
260
_b
Rubber Developments
_c
1947
300
_a
29-30
650
_a
Paint
650
_a
Rubber
942
_c
JS
999
_c
67670
_d
67670